|
|
|
|
| LEADER |
00000nam a2200000 a 4500 |
| 001 |
vtls010653606 |
| 003 |
SK-MaSNL |
| 005 |
20260426005643.0 |
| 008 |
190927s2014 xo f l 000 0 hun |
| 015 |
|
|
|a SNBI2015
|
| 020 |
|
|
|a 9788089741021 (brož.)
|
| 035 |
|
|
|a 479AF56D-F70B-406F-9C32-87967E42E5C4
|
| 035 |
|
|
|a urn:nbn:sk:snk-amjq5v
|
| 035 |
|
|
|a urn:nbn:sk:snk-am002bjo
|
| 040 |
|
|
|a SNK
|b slo
|c SNK
|e AACR2
|
| 041 |
0 |
|
|a hun
|a slo
|
| 043 |
|
|
|a e-xo---
|
| 044 |
|
|
|a xo
|c SK
|
| 072 |
|
7 |
|a 336.1/.5
|x Verejné financie
|2 konspekt
|
| 080 |
|
|
|a 336.22
|2 2001
|
| 080 |
|
|
|a 351.72
|2 2001
|
| 080 |
|
|
|a 35.073.6
|2 2001
|
| 080 |
|
|
|a 628.4
|2 2001
|
| 080 |
|
|
|a 628.4.036
|2 2001
|
| 080 |
|
|
|a (437.6)
|2 2001
|
| 080 |
|
|
|a (094.5)
|2 2001
|
| 080 |
|
|
|a (035)
|2 2001
|
| 110 |
1 |
|
|a Slovensko
|4 aut
|9 266955
|
| 240 |
1 |
0 |
|a Zákon o miestnych daniach (2004, novela 2014)
|
| 245 |
1 |
0 |
|a Törvény a helyi adókról
|b základné dokumenty pre samosprávy
|
| 246 |
3 |
|
|a Zákon č. 122/2013 Z.z. [i.e. 582/2004] o miestnych daniach a o miestnom poplatku za komunálne odpady a drobné stavebné odpady
|
| 246 |
1 |
1 |
|a Zákon o miestnych daniach
|
| 246 |
3 |
|
|a A Tt. 582/2004. sz. törvénye a helyi adókról, valamint a települési hulladék és az építési törmelék helyi illetékéről
|
| 260 |
|
|
|a Štvrtok na Ostrove
|b Pro Civis
|c 2014
|
| 300 |
|
|
|a 50 s.
|c 30 cm
|
| 490 |
1 |
|
|a Pro Civis ;
|v XIV./2014
|
| 500 |
|
|
|a Na titulnom liste nesprávne uvedený názov: Zákon č. 122/2013 Z.z. o miestnych daniach a o miestnom poplatku za komunálne odpady a drobné stavebné odpady
|
| 546 |
|
|
|a Súbežný text slov.
|
| 650 |
0 |
7 |
|a dane
|2 SNKPH
|9 2123
|
| 650 |
0 |
7 |
|a miestne poplatky
|2 SNKPH
|9 29171
|
| 650 |
0 |
7 |
|a komunálny odpad
|2 SNKPH
|9 3934
|
| 650 |
0 |
7 |
|a stavebný odpad
|2 SNKPH
|9 70912
|
| 650 |
0 |
7 |
|a Taxation
|2 SNKPHeng
|9 276059
|
| 650 |
0 |
7 |
|a Local taxation
|2 SNKPHeng
|9 276079
|
| 650 |
0 |
7 |
|a Urban waste
|2 SNKPHeng
|9 319509
|
| 650 |
0 |
7 |
|a Building waste
|2 SNKPHeng
|9 510693
|
| 651 |
|
7 |
|a Slovensko
|2 SNKPH
|9 14231
|
| 651 |
|
7 |
|a Slovakia
|2 SNKPHeng
|9 92630
|
| 655 |
|
7 |
|a zákony
|2 SNKPH
|9 70186
|
| 655 |
|
7 |
|a príručky
|2 SNKPH
|9 74364
|
| 655 |
|
7 |
|a Laws
|2 SNKPHeng
|9 266957
|
| 655 |
|
7 |
|a Handbooks, manuals, etc
|2 SNKPHeng
|9 90964
|
| 830 |
|
0 |
|a Pro Civis
|9 333808
|
| 919 |
|
|
|a 978-80-89741-02-1
|
| 958 |
|
|
|a NM
|
| 958 |
|
|
|a HU
|
| 999 |
|
|
|c 1013492
|d 1015422
|
| 952 |
|
|
|a SNK
|b SNK
|y PREZ
|7 0
|p 17A1136737
|o snkSB 87823
|i snk2015/4842
|8 0
|0 0
|1 0
|4 0
|d 2015-02-11
|f 1
|l 0
|r 2025-05-12 00:00:00
|w 2026-02-24
|
| 952 |
|
|
|a SNK
|b SNK
|y VYP
|7 0
|p 17A1136738
|o snkSB 87823 D1
|i snk2015/4843
|8 0
|0 0
|1 0
|4 0
|d 2015-02-11
|l 0
|r 2026-02-24 13:00:11
|w 2026-02-24
|